Španělsko-český a česko-španělský kapesní slovník /
Saved in:
| Main Author: | |
|---|---|
| Format: | Book |
| Language: | Multiple languages |
| Published: |
Praha :
Státní pedagogické nakladatelství,
1984
|
| Edition: | 3.vyd. |
| Subjects: | |
| Tags: |
No Tags, Be the first to tag this record!
|
MARC
| LEADER | 00000nam a22000003a 4500 | ||
|---|---|---|---|
| 001 | stu41021 | ||
| 005 | 20150617225721.8 | ||
| 008 | 930621s1984----cs------------------mul-d | ||
| 040 | |a STU |b slo | ||
| 041 | 0 | |a mul | |
| 044 | |a cs | ||
| 080 | |a 801.323.2=60=850=60 | ||
| 100 | 1 | |a Prokopová, Libuše |4 aut | |
| 245 | 1 | |a Španělsko-český a česko-španělský kapesní slovník / |c [aut.]Libuše Prokopová | |
| 250 | |a 3.vyd. | ||
| 260 | |a Praha : |b Státní pedagogické nakladatelství, |c 1984 | ||
| 300 | |a 616 s | ||
| 650 | 7 | |a Slovníky španielsko české a česko španielské |2 stusub | |
| 996 | |b 284M035487 |c M*2002-1 |l MMKN |s A |a 24 |w stu41021_0001 | ||
| 996 | |b 284M035488 |c M*2002-2 |l MMKN |s A |a 24 |w stu41021_0002 | ||
| 996 | |b 284M035486 |c M*2002-4 |l MMKN |s A |a 24 |w stu41021_0003 | ||
| 996 | |b 284M035485 |c M*2002-5 |l MMKN |s A |a 24 |w stu41021_0004 | ||